|
|
|
|
| LEADER |
03840nam a22004093i 4500 |
| 001 |
EBC6733981 |
| 003 |
MiAaPQ |
| 005 |
20231204023218.0 |
| 006 |
m o d | |
| 007 |
cr cnu|||||||| |
| 008 |
231204s2020 xx o ||||0 fre d |
| 020 |
|
|
|a 9782759231300
|q (electronic bk.)
|
| 020 |
|
|
|z 9782759231294
|
| 035 |
|
|
|a (MiAaPQ)EBC6733981
|
| 035 |
|
|
|a (Au-PeEL)EBL6733981
|
| 035 |
|
|
|a (OCoLC)1202567256
|
| 040 |
|
|
|a MiAaPQ
|b eng
|e rda
|e pn
|c MiAaPQ
|d MiAaPQ
|
| 100 |
1 |
|
|a Caquet, Thierry.
|
| 245 |
1 |
0 |
|a Agroécologie :
|b des Recherches Pour la Transition des Filières et des Territoires.
|
| 264 |
|
1 |
|a Versailles :
|b Quae,
|c 2020.
|
| 264 |
|
4 |
|c {copy}2023.
|
| 300 |
|
|
|a 1 online resource (107 pages)
|
| 336 |
|
|
|a text
|b txt
|2 rdacontent
|
| 337 |
|
|
|a computer
|b c
|2 rdamedia
|
| 338 |
|
|
|a online resource
|b cr
|2 rdacarrier
|
| 490 |
1 |
|
|a Matière à débattre et Décider Series
|
| 505 |
0 |
|
|a Intro -- Table des matières -- Préface -- Introduction -- Des principes fondateurs -- Des attentes sociétales nationales et internationales -- Des recherches fondées sur de nouveaux paradigmes et de nouvelles approches -- Références bibliographiques -- 1. Intégrer l'agroécologie dans des systèmes agri-alimentaires -- Les produits issus de l'agroécologie et leurs propriétés -- Les stratégies des acteurs -- L'organisation spatiale des marchés -- La dynamique et la cohérence du système agri-alimentaire -- Les questions de recherche -- Références bibliographiques -- 2. La transition agroécologique de l'exploitation agricole -- Des avancées scientifiques récentes -- Quelques exemples -- Les questions de recherche -- Le développement d'une nécessaire transdisciplinarité -- Références bibliographiques -- 3. Valoriser les processus écologiques et hydrobiogéochimiques dans des paysages multifonctionnels -- Des avancées scientifiques récentes -- Quelques exemples -- Les questions de recherche -- Références bibliographiques -- 4. Valoriser la diversité génétique en sélection végétale et animale -- Des avancées scientifiques récentes -- Quelques exemples -- Les questions de recherche -- Références bibliographiques -- 5. Modéliser les interactions du vivant, en lien avec les milieux et le contexte socio-économique -- Des avancées scientifiques récentes -- Quelques exemples -- Les questions de recherche -- Références bibliographiques -- 6. Contribution des agroéquipements et du numérique à l'agroécologie : renforcer la prise en considération du vivant -- Des avancées scientifiques récentes -- Quelques exemples -- Les questions de recherche -- Références bibliographiques -- Conclusions -- Diversité et diversification : observer, traduire, piloter -- De la collecte de données biologiques en masse à des dispositifs d'une nature nouvelle.
|
| 505 |
8 |
|
|a Appréhender le risque et l'incertitude : modélisation et partage d'expériences -- Le nécessaire changement d'échelle et de niveau d'organisation -- Perspectives -- Contributeurs.
|
| 588 |
|
|
|a Description based on publisher supplied metadata and other sources.
|
| 590 |
|
|
|a Electronic reproduction. Ann Arbor, Michigan : ProQuest Ebook Central, 2023. Available via World Wide Web. Access may be limited to ProQuest Ebook Central affiliated libraries.
|
| 655 |
|
4 |
|a Electronic books.
|
| 700 |
1 |
|
|a Gascuel, Chantal.
|
| 700 |
1 |
|
|a Tixier-Boichard, Michèle.
|
| 776 |
0 |
8 |
|i Print version:
|a Caquet, Thierry
|t Agroécologie : des Recherches Pour la Transition des Filières et des Territoires
|d Versailles : Quae,c2020
|z 9782759231294
|
| 797 |
2 |
|
|a ProQuest (Firm)
|
| 830 |
|
0 |
|a Matière à débattre et Décider Series
|
| 856 |
4 |
0 |
|u https://ebookcentral.proquest.com/lib/matrademy/detail.action?docID=6733981
|z Click to View
|